Agenda civil de la Ciudad de Mx̌ico 2018

Detalles Bibliográficos
Formato: eBook
Lenguaje:español
Publicado: Ciudad de Mx̌ico: Ediciones Fiscales ISEF, 2018
Materias:
Acceso en línea:Acceso restringido

MARC

LEADER 00000nam a22000007a 4500
005 20181102203922.0
007 cr|||| ||||
008 181102s2018 mx |||||s|||| 00||0 spa d
020 |a 978-607-406-947-1 
035 |a 22163 
040 |a vLex 
090 |c 8267  |d 8267 
245 1 0 |a Agenda civil de la Ciudad de Mx̌ico 2018  |h [Recurso electrn̤ico] / 
256 |a Servicio en ln̕ea 
260 |a Ciudad de Mx̌ico:  |b Ediciones Fiscales ISEF,  |c 2018 
300 |a 1 recurso electrn̤ico 
500 |a AGENDA CIVIL DE LA CDMX La mejor compilacin̤ de disposiciones civiles para la Ciudad de Mx̌ico. “Favor de corroborar la fecha de entrega del producto”. ŁENTREGA: A PARTIR DE LA TERCERA SEMANA DE ENERO DE 2018! 
506 1 |a Disponible solo en los productos indicados  |d vLex Global  |d vLex Global (Academic Edition, excluding Law Schools)  |d vLex Global (U.S. Academic Edition, Law Schools)  |d vLex Global (U.S. Academic Edition, excluding Law Schools)  |d vLex Global (Academic Edition, Law Schools) 
650 0 4 |a Derecho Civil  |z Mx̌ico 
650 0 4 |a Derecho Procesal  |z Mx̌ico 
650 0 4 |a Procedimiento Civil  |z Mx̌ico 
740 0 |a vLex Libros (Servicio en ln̕ea) 
856 4 0 |u http://vlex.com/source/agenda-civil-de-la-ciudad-de-mexico-2018-22163  |z Acceso restringido 
942 |c BOOK 
999 0 |a Civil Law 
999 0 |a Procedural Law 
999 0 |a Civil Procedure